| 000 | 00375cam a2200145ua 4500 | ||
|---|---|---|---|
| 003 | OSt | ||
| 008 | 240123b |||||||| |||| 00| 0 eng d | ||
| 041 | _aeng | ||
| 082 |
_a664.02 _bKOR/PR |
||
| 100 |
_aKoraylas, Maud J . _95764 |
||
| 245 | _aProcessing and perservation of tropical and subtropical foods / | ||
| 260 |
_a : _bELBS , _c1991. |
||
| 300 | _a414 ; . | ||
| 942 | _cBK | ||
| 999 |
_c3747 _d3747 |
||